|
|
|
|
| LEADER |
00000nam0a2200000 4500 |
| 001 |
375510 |
| 005 |
20231102012736.0 |
| 020 |
|
|
|a RU
|b 87-90882
|
| 035 |
|
|
|a (RuTPU)RU\TPU\retro\32949
|
| 035 |
|
|
|a RU\TPU\book\279476
|
| 090 |
|
|
|a 375510
|
| 100 |
|
|
|a 20221220d1987 m y0rusy5003 ca
|
| 101 |
0 |
|
|a rus
|
| 102 |
|
|
|a RU
|
| 105 |
|
|
|a a j 000zy
|
| 200 |
1 |
|
|a Элементарное введение в кинетическую теорию
|e учебное пособие
|f В. В. Клоков
|
| 210 |
|
|
|a Казань
|c Изд-во Казанского ун-та
|d 1987
|
| 215 |
|
|
|a 100 с.
|d 20 см
|c ил.
|
| 606 |
1 |
|
|a Кинетическая теория газов
|2 stltpush
|3 (RuTPU)RU\TPU\subj\14355
|9 40758
|
| 610 |
1 |
|
|a уравнение Больцмана
|
| 610 |
1 |
|
|a газы
|
| 610 |
1 |
|
|a функция распределения
|
| 610 |
1 |
|
|a макроскопические характеристики
|
| 610 |
1 |
|
|a метод Чепмена-Энскога
|
| 610 |
1 |
|
|a уравнения сохранения
|
| 610 |
1 |
|
|a газовые смеси
|
| 610 |
1 |
|
|a неравновесные состояния
|
| 610 |
1 |
|
|a учебные пособия
|
| 675 |
|
|
|a 533.7(075.8)
|z rus
|v 3
|
| 700 |
|
1 |
|a Клоков
|b В. В.
|g Владимир Васильевич
|
| 801 |
|
0 |
|a RU
|b RuMRKP
|c 19950417
|g psbo
|
| 801 |
|
1 |
|a RU
|b 63413507
|c 20140411
|
| 801 |
|
2 |
|a RU
|b 63413507
|c 20221220
|g RCR
|
| 942 |
|
|
|c BK
|